000 00606nam a22001457a 4500
005 20241203100456.0
008 241203b |||||||| |||| 00| 0 eng d
020 _a9780862051231
245 _aLaw Reports of the Commonwealth 1986
_bCommercial Law
260 _aAbingdon, UK
_bProfessional Books Ltd.
_c1986
300 _alxix, 800 pages
_c24 cm
500 _aGeneral Editors: Read James S. Prof. LL.B. of Gray’s Inn, Barrister. Slinn Peter E. M.A., PhD., Solicitor, England and Wales. Consultant Editor: Wylie J.C.W., LL.M., LL.D.
650 _2Law Reports
_xCommonwealth Nations
942 _2lcc
_cBK
_n0
999 _c1909
_d1909